La gestión de la calidad en investigación cualitativa
Bewaard in:
| Hoofdauteur: | |
|---|---|
| Formaat: | Boek |
| Taal: | Spaans |
| Gepubliceerd in: |
Madrid, España
Morata
2014
|
| Editie: | 1a. ed |
| Reeks: | Investigación Cualitativa, 8
|
| Onderwerpen: | |
| Online toegang: | Disponible Online -Capítulos 4 al 8 |
| Tags: |
Voeg label toe
Geen labels, Wees de eerste die dit record labelt!
|
MARC
| LEADER | 00000cam a2200000 a 4500 | ||
|---|---|---|---|
| 001 | UCE6279 | ||
| 003 | CL-VaPUC | ||
| 005 | 20210319122120.0 | ||
| 008 | 150402e20140000sp |||||||||||||||||spa|d | ||
| 999 | |c 358640 |d 358638 | ||
| 020 | |a 9788471127365 | ||
| 040 | |c Pontificia Universidad Católica de Valparaíso | ||
| 082 | 0 | 4 | |a 001.42 FLI 2014 |2 21 |
| 100 | 0 | |a Flick, Uwe |e author |9 578929 | |
| 245 | 1 | 3 | |a La gestión de la calidad en investigación cualitativa |
| 250 | |a 1a. ed | ||
| 260 | |a Madrid, España |b Morata |c 2014 | ||
| 300 | |a 189 páginas | ||
| 490 | 0 | |a Investigación Cualitativa, 8 | |
| 583 | |a last modification |c 20150402 11:08:00 |k Rodrigo Vera | ||
| 650 | 0 | |a Investigación cualitativa |9 389535 | |
| 650 | 0 | |a Métodos de investigación |9 262618 | |
| 650 | 0 | |a Técnicas de investigación |2 CL-VaPUC |9 334489 | |
| 852 | |a BIBCUR | ||
| 856 | |u http://bibliografiadigital.pucv.cl.pucv.idm.oclc.org/index.php/bibliotecapucv/catalog/book/117 |y Disponible Online -Capítulos 4 al 8 | ||
| 942 | |c BK |2 ddc | ||
| 945 | |d 20150402 11:08:00 |a dcastane | ||
| 952 | |0 0 |1 0 |3 erb |4 0 |6 001_420000000000000_FLI_2014 |7 0 |8 A |9 467480 |a BIBING |b BIBING |i 5143810 |l 1 |o 001.42 FLI 2014 |p 5143810 |r 2025-01-20 |s 2024-08-07 |w 2019-11-23 |y BK |z Catalogado en:20150402 |k GEO | ||
| 952 | |0 0 |1 0 |3 erb |4 0 |6 001_420000000000000_FLI_2014 |7 0 |8 A |9 467481 |a BIBEDU |b BIBEDU |i 5257174 |l 1 |o 001.42 FLI 2014 |p 5257174 |r 2025-01-07 |s 2024-12-03 |w 2019-11-23 |y BK |z Catalogado en:20151218 |k EFI | ||
| 952 | |0 0 |1 0 |3 erb |4 0 |6 001_420000000000000_FLI_2014 |7 0 |8 A |9 467482 |a BIBING |b BIBING |i 5431786 |o 001.42 FLI 2014 |p 5431786 |r 2025-01-20 |w 2019-11-23 |y BK |z Catalogado en:20171020 |k GEO | ||
| 952 | |0 0 |1 0 |3 erb |4 0 |6 001_420000000000000_FLI_2014 |7 0 |8 A |9 467483 |a BIBING |b BIBING |i 5447771 |o 001.42 FLI 2014 |p 5447771 |r 2025-01-20 |w 2019-11-23 |y BK |z Catalogado en:20180114 |k GEO | ||